000 00503nam a2200193Ia 4500
005 20230731115217.0
008 131103s9999 xx 000 0 und d
040 _aLoreto College
041 _aEnglish
082 _a551.4
_bCOF
100 _aCoffey, William J.
245 _aGeography
_b Towards A general Spatial System Approach
_cWilliam J. Coffey
260 _aLondon
_bMethuen
_c1981
300 _a270p.
504 _aIncludes index
650 _aGeography
850 _aLCLIB
942 _cBK
999 _c21073
_d71552